Регионална библиотека "Любен Каравелов" - Русе

Большая советская энциклопедия (Запис номер 396188)

MARC детайли
000 -Лидер
Контролно поле с фиксирана дължина nam a22 a 4500
003 - Код на организацията, давaща контролен номер
Контролно поле BLK
005 - Дата и час на последна редакция
Контролно поле 20210127152828.0
008 - Елементи от данни с фиксирана дължина
fixed length control field 210127b bu ||||| |||| 00| 0 bu d
040 ## - Източник на каталожния запис
Идентификатор на билиотеката - собственик на записа BLK
041 ## - Код за език
Код за езика на текст/звукозапис или на отделно заглавие Руски
Код за езика КДБФ Руски
080 ## - УДК
Текстов определител УДК Общи енциклопедии. Енциклопедични речници. Научни справочници. Отраслови енциклопедии и справочници се класират в съответните отдели с определител за форма
УДК код - определител по УДК 030
УДК определител (100)
УДК - код + определител 030(100)
139 ## - Редно поле
Редна дума Большая советская энциклопедия
245 ## - Сведения за заглавието
Заглавие Большая советская энциклопедия
Подзаглавни данни В 65 т : Т. 2 -
Редно поле (дума) глав. ред. О. Ю. Шмидт
Том Т. 14
Заглавие на том Высшее-Гейлинкс
260 ## - Област на издателските данни
9 (RLIN) 416529
Място на издаване, разпространение и проч. Москва :
Име на издателя, разпространителя и проч. Советская Энциклопедия
Година на издаване 1926 -
300 ## - Физическа характеристика
Размери/Мащаб 26 см
380 ## - Жанр
Жанр Общ отдел
650 #7 - Допълнително описание по предмет – тема
9 (RLIN) 154961
Основно описание – тема или топоним Енциклопедии
653 #7 - Ключова дума – ненормативна
9 (RLIN) 196304
Ключова дума свят
700 ## - Други автори (авторска отговорност)
9 (RLIN) 523
Лично име Шмидт, Отто Юльевич
Автороска отговорност (Описва отношението между автора и произведението) глав. ред.
760 ## - Описание на основната серия
Редна дума на основното описание Большая советская энциклопедия
Място на издаване, издател и година Москва, 1929
Страници - том 432 с.
Част - том Т. 14
Заглавие Высшее-Гейлинкс
852 ## - Местоположение
Форматна сигнатура Цб ІІ 894
999 ## - СИСТЕМНИ КОНТРОЛНИ НОМЕРА
Koha biblionumber 396188
Koha biblioitemnumber 396188
942 ## - АРТИКУЛИ
Вид на библиотечния материал Книги
Скрит в OPAC Не
Периодичен библиозапис Да
944 ## - СЪЗДАВАНЕ И РЕДАКЦИЯ на ЗАПИСА
Създаване/Редакция Създаване
Дата на регистрацията/редакция 2021-01-27
Служител, извършил регистрацията/редакцията ГГГ
Наличности
Код за отписване Код за изгубен артикул Източник на класификационната схема Код за повреда Коз за рестрикции Код за отдаване Артикулен № Име на библиотеката - собственик Име на библиотеката, в която се намира в момента Статус (Текущо местоположение) Дата на вписване в системата Местоположение - отдел Цена в лева Инвентарен номер Систематично азбучна сигнатура Баркод Цена в евро Служебен тип на артикула
  Не е изгубен Universal Decimal Classification Не е повреден само за читалня ползва се в читалня 809570 Регионална библиотека "Любен Каравелов" Русе Регионална библиотека "Любен Каравелов" Русе Хранилище 2021-01-29 Основен фонд - ползва се само за читалня 3.20 591/59 Цб ІІ 894 900000047564 1.64 Книги
Vip Innovations Ltd, Rousse, Bulgaria 2025